000 00326nam a22001457a 4500
008 230516b ||||| |||| 00| 0 eng d
020 _a9780205686179
041 _aeng
080 _2EIGHTH EDITION
_a37
082 _a37KOC
100 _a23
101 _aEDU
245 _aSPEAKING WITH A PURPOSE
_cKOCH A
942 _2udc
_cBK
999 _c59731
_d59731